Astrophysicist and space advocate Neil Degrasse Tyson / (Record no. 7740)
[ view plain ]
| 000 -LEADER | |
|---|---|
| fixed length control field | 01523nam a22003017a 4500 |
| 001 - CONTROL NUMBER | |
| control field | 7740 |
| 003 - CONTROL NUMBER IDENTIFIER | |
| control field | FISKH |
| 005 - DATE AND TIME OF LATEST TRANSACTION | |
| control field | 20250801151835.0 |
| 008 - FIXED-LENGTH DATA ELEMENTS--GENERAL INFORMATION | |
| fixed length control field | 250801b cb ||||| |||| 00| 0 eng d |
| 020 ## - INTERNATIONAL STANDARD BOOK NUMBER | |
| International Standard Book Number | 9781338065008 |
| 040 ## - CATALOGING SOURCE | |
| Original cataloging agency | FISKH |
| Language of cataloging | eng |
| Transcribing agency | FISKH |
| Modifying agency | FISKH |
| 050 ## - LIBRARY OF CONGRESS CALL NUMBER | |
| Classification number | QB460.T97 V46 |
| 082 ## - DEWEY DECIMAL CLASSIFICATION NUMBER | |
| Classification number | 523.01092 |
| 100 ## - MAIN ENTRY--PERSONAL NAME | |
| Personal name | Ventura , Marne |
| 245 ## - TITLE STATEMENT | |
| Title | Astrophysicist and space advocate Neil Degrasse Tyson / |
| Statement of responsibility, etc. | By Marne Ventura |
| 260 ## - PUBLICATION, DISTRIBUTION, ETC. | |
| Place of publication, distribution, etc. | New York : |
| Name of publisher, distributor, etc. | Scholastic , |
| Date of publication, distribution, etc. | 2014. |
| 300 ## - PHYSICAL DESCRIPTION | |
| Extent | 32 pages : |
| Other physical details | color illustrations ; |
| Dimensions | 23 cm . |
| 490 ## - SERIES STATEMENT | |
| Series statement | STEM trailblazer BIOS |
| 505 ## - FORMATTED CONTENTS NOTE | |
| Formatted contents note | R <br/> |
| 520 ## - SUMMARY, ETC. | |
| Summary, etc. | Have you ever stared into the night sky, full of stars and planets? As a kid, Neil deGrasse Tyson was star-struck when he first visited a planetarium. The universe was calling him. Tyson pursued his interest in astronomy and studied to be an astrophysicist. In 1996, he became the director of New York's Hayden Planetarium. He is passionate about teaching people about the universe. Known for making science fun and easy to understand, he has hosted and appeared on TV shows such as Nova ScienceNow and The Daily Show with Jon Stewart. He even has more than one million Twitter followers! But how did he get there? Follow his path from fascinated kid to popular space expert. |
| 521 8# - TARGET AUDIENCE NOTE | |
| Target audience note | 780 <br/> |
| Source | Lexile <br/><br/> |
| 521 8# - TARGET AUDIENCE NOTE | |
| Target audience note | R <br/> |
| Source | Raz-Plus <br/> |
| 650 ## - SUBJECT ADDED ENTRY--TOPICAL TERM | |
| Topical term or geographic name entry element | Scientists |
| Form subdivision | Non-fiction |
| 650 ## - SUBJECT ADDED ENTRY--TOPICAL TERM | |
| Topical term or geographic name entry element | Solar system |
| Form subdivision | Non-fiction |
| 650 ## - SUBJECT ADDED ENTRY--TOPICAL TERM | |
| Topical term or geographic name entry element | Astronomy |
| Form subdivision | Non-fiction |
| 942 ## - ADDED ENTRY ELEMENTS (KOHA) | |
| Source of classification or shelving scheme | Dewey Decimal Classification |
| Koha item type | Books |
| Suppress in OPAC | No |
| Withdrawn status | Lost status | Source of classification or shelving scheme | Damaged status | Not for loan | Collection | Home library | Current library | Shelving location | Date acquired | Total Checkouts | Full call number | Barcode | Date last seen | Price effective from | Koha item type |
|---|---|---|---|---|---|---|---|---|---|---|---|---|---|---|---|
| Dewey Decimal Classification | Non-Fiction | Footprints International School Library Network Toul Tom Poung Campus | Footprints International School Library Network Toul Tom Poung Campus | TTP Primary Orange Bookshelves | 08/01/2025 | VEN 523.01092 QB460.T97 V46 | FISTK05614 | 08/01/2025 | 08/01/2025 | Books |
